Handbook on urban development in China / (Record no. 706)

MARC details
000 -LEADER
fixed length control field 02695nam a22004937a 4500
001 - CONTROL NUMBER
control field 20675571
005 - DATE AND TIME OF LATEST TRANSACTION
control field 20231102085808.0
008 - FIXED-LENGTH DATA ELEMENTS--GENERAL INFORMATION
fixed length control field 231102b |||||||| |||| 00| 0 eng d
010 ## - LIBRARY OF CONGRESS CONTROL NUMBER
LC control number 2018958899
015 ## - NATIONAL BIBLIOGRAPHY NUMBER
National bibliography number GBB915152
Source bnb
016 7# - NATIONAL BIBLIOGRAPHIC AGENCY CONTROL NUMBER
Record control number 019221448
Source Uk
020 ## - INTERNATIONAL STANDARD BOOK NUMBER
International Standard Book Number 1786431629
020 ## - INTERNATIONAL STANDARD BOOK NUMBER
International Standard Book Number 9781786431622
035 ## - SYSTEM CONTROL NUMBER
System control number (OCoLC)on1047541034
040 ## - CATALOGING SOURCE
Original cataloging agency YDX
Language of cataloging eng
Transcribing agency KMU
Description conventions rda
Modifying agency KMU
042 ## - AUTHENTICATION CODE
Authentication code lccopycat
050 00 - LIBRARY OF CONGRESS CALL NUMBER
Classification number HT 169.C6
Item number H366 2019
245 00 - TITLE STATEMENT
Title Handbook on urban development in China /
Statement of responsibility, etc. edited by Ray Yep, Department of Public Policy, City University of Hong Kong, June Wang, Department of Public Policy, City University of Hong Kong, Thomas Johnson, Department of Politics, University of Sheffield, UK.
264 #1 - PRODUCTION, PUBLICATION, DISTRIBUTION, MANUFACTURE, AND COPYRIGHT NOTICE
Place of production, publication, distribution, manufacture Cheltenham, UK ;
-- Northampton, MA :
Name of producer, publisher, distributor, manufacturer Edward Elgar Publishing,
Date of production, publication, distribution, manufacture, or copyright notice 2019.
264 #4 - PRODUCTION, PUBLICATION, DISTRIBUTION, MANUFACTURE, AND COPYRIGHT NOTICE
Date of production, publication, distribution, manufacture, or copyright notice ©2019
300 ## - PHYSICAL DESCRIPTION
Extent xiii, 416 pages :
Other physical details illustrations ;
Dimensions 25 cm.
336 ## - CONTENT TYPE
Content type term text
Content type code txt
Source rdacontent
337 ## - MEDIA TYPE
Media type term unmediated
Media type code n
Source rdamedia
338 ## - CARRIER TYPE
Carrier type term volume
Source rdacarrier
490 0# - SERIES STATEMENT
Series statement Handbooks of research on contemporary China
504 ## - BIBLIOGRAPHY, ETC. NOTE
Bibliography, etc. note Includes bibliographical references and index.
505 0# - FORMATTED CONTENTS NOTE
Formatted contents note Part I. Instututional setting -- Part II. Policy directions -- Part III. Individuality and private pursuit -- Part IV. Urban-rural interface -- Part V. Mobilization and governance.
520 ## - SUMMARY, ETC.
Summary, etc. The trajectory and logic of urban development in post-Mao China have been shaped and defined by the contention between domestic and global capital, central and local state and social actors of different class status and endowment. This urban transformation process of historic proportion entails new rules for distribution and negotiation, novel perceptions of citizenship, as well as room for unprecedented spontaneity and creativity. Based on original research by leading experts, this book offers an analysis of the new logic of urban governance and its implications.
650 #0 - SUBJECT ADDED ENTRY--TOPICAL TERM
Topical term or geographic name entry element City planning
Geographic subdivision China
Form subdivision Handbooks, manuals, etc.
650 #0 - SUBJECT ADDED ENTRY--TOPICAL TERM
Topical term or geographic name entry element Cities and towns
Geographic subdivision China
General subdivision Growth
Form subdivision Handbooks, manuals, etc.
650 #0 - SUBJECT ADDED ENTRY--TOPICAL TERM
Topical term or geographic name entry element Urbanization
Geographic subdivision China
Form subdivision Handbooks, manuals, etc.
650 #0 - SUBJECT ADDED ENTRY--TOPICAL TERM
Topical term or geographic name entry element Urban policy
Geographic subdivision China.
650 #7 - SUBJECT ADDED ENTRY--TOPICAL TERM
Topical term or geographic name entry element City planning.
Source of heading or term fast
Authority record control number or standard number (OCoLC)fst00862177
650 #7 - SUBJECT ADDED ENTRY--TOPICAL TERM
Topical term or geographic name entry element Urban policy.
Source of heading or term fast
Authority record control number or standard number (OCoLC)fst01162489
651 #7 - SUBJECT ADDED ENTRY--GEOGRAPHIC NAME
Geographic name China.
Source of heading or term fast
Authority record control number or standard number (OCoLC)fst01206073
655 #7 - INDEX TERM--GENRE/FORM
Genre/form data or focus term Handbooks and manuals.
Source of term lcgft
700 1# - ADDED ENTRY--PERSONAL NAME
Personal name Yep, Ray,
Dates associated with a name 1964-
Relator term editor.
700 1# - ADDED ENTRY--PERSONAL NAME
Personal name Wang, Jun,
Dates associated with a name 1942 June 4-
Relator term editor.
700 1# - ADDED ENTRY--PERSONAL NAME
Personal name Johnson, Thomas,
Relator term editor.
830 #0 - SERIES ADDED ENTRY--UNIFORM TITLE
Uniform title Handbooks of research on contemporary China.
906 ## - LOCAL DATA ELEMENT F, LDF (RLIN)
a 7
b cbc
c copycat
d 2
e ncip
f 20
g y-gencatlg
942 ## - ADDED ENTRY ELEMENTS (KOHA)
Source of classification or shelving scheme Library of Congress Classification
Koha item type Non-Fiction
Suppress in OPAC No
Holdings
Withdrawn status Lost status Source of classification or shelving scheme Damaged status Not for loan Collection Home library Current library Shelving location Date acquired Source of acquisition Total Checkouts Full call number Barcode Date last seen Price effective from Koha item type
    Library of Congress Classification     Non-fiction Kapasa Makasa University Kapasa Makasa University Open Access 02.11.2023 ZLS   HT 169.C6 Han 300637 02.11.2023 02.11.2023 Non-Fiction